000 00580nam a2200217Ia 4500
008 101110s9999 xx 000 0 und d
041 _aENGLISH
082 _bSR25641
100 _aMisraa S.K., Puri V.K.
245 _aMicro economics theory and application - I
260 _c2003
_bHimalaya publication
300 _a585
365 _b160
520 _aEconomics
546 _aENGLISH
630 _aMicro economics theory and application - I
650 _aEconomics
655 _aEconomics
730 _aMicro economics theory and application - I
942 _cBOOK
999 _c818251
_d818248